000 00305nam a2200121Ia 4500
005 20251222143230.0
008 251222s9999||||xx |||||||||||||| ||spa||
082 _a657.021.8/A85/V.I
100 _aAtaupillco Vera, V. Dante
245 0 _aIFRS Plan Contable Empresarial:
264 _bDEVIDA
942 _cLIB
999 _c14159
_d14159